ბათუმის შოთა რუსთაველის სახელმწიფო უნივერსიტეტის ბიბლიოთეკა

სამრეწველო საამქროს განივი ჩარჩოების გაანგარიშება : დამხმ. სახელმძღ. / (ბიბ.ჩანაწერი № 39217)

000 -ლიდერი
ფიქსირებული სიგრძის საკონტროლო ველი 01089nam a2200205Ia 4500
001 - საკონტროლო ნომერი
საკონტროლო ველი 5803
003 - საკონტროლო ნომრის იდენტიფიკატორი
საკონტროლო ველი GE_BSU
005 - ბოლო ოპერაციის თარიღი და დრო
საკონტროლო ველი 20190702162125.0
008 - ფიქსირებული სიგრძის მონაცემთა ელემენტები - ზოგადი ინფორმაცია
ფიქსირებული სიგრძის საკონტროლო ველი 181216s1972|||| |||||||||||||| ||geo||
041 ## - ენის კოდი
Language code of text/sound track or separate title geo
080 ## - უნივერსალური ათობითი კლასიფიკაციის ინდექსი
Universal Decimal Classification number 624.072.33(075.8) რ-17
100 ## - მთავარი ჩანაწერი - პიროვნების სახელი
Personal name რაზმაძე, ა.
9 (RLIN) 612
245 ## - ცნობა სათაურის შესახებ
Title სამრეწველო საამქროს განივი ჩარჩოების გაანგარიშება : დამხმ. სახელმძღ. /
Statement of responsibility, etc ა. რაზმაძე ; ო. ფაღავა ; რედ : ჩ. გურგენიძე.
264 ## - წარმოების, გამოცემის, დისტრიბუციის და სხვა ცნობები
გამოცემის, წარმოების, დისტრიბუციის... ადგილი თბილისი :
გამოცემის, წარმოების, დისტრიბუციის... სახელწოდება განათლება,
გამოცემის, წარმოების, დისტრიბუციის... თარიღი 1972..
300 ## - ფიზიკური აღწერა
Extent 288 გვ .:
Other physical details დანართები, ცხრილები.
Dimensions .27 სმ.
653 ## - INDEX TERM--UNCONTROLLED
Uncontrolled term სამრეწველო საამქროს განივი ჩარჩოების გაანგარიშება
700 ## - ADDED ENTRY--PERSONAL NAME
Personal name ფაღავა, ო
9 (RLIN) 494
700 ## - ADDED ENTRY--PERSONAL NAME
Personal name გურგენიძე, ჩ
Relator term რედაქტორი
9 (RLIN) 3152
942 ## - ADDED ENTRY ELEMENTS (KOHA)
Koha item type წიგნი
Source of classification or shelving scheme
ეგზემპლარები
ჩამოწერის სტატუსი დაკარგული ეგზემპლარის სტატუსი კლასიფიკაციის წყარო ან თაროზე გაწყობის სქემა დაზიანების სტატუსი არ გაიცემა მუდმივი მდებარეობა (დაცვის ადგილი) ამჟამინდელი ადგილსამყოფელი თაროზე განთავსების ადგილი შეძენის თარიღი ღირებულება, შესყიდვის ნორმალური ფასი სრული შენახვის შიფრი შტრიხკოდი ბოლო ოპერაციის თარიღი ეგზემპლარის მიმდევრობითი ნომერი (კეტერი?) ფასის ძალაში შესვლის თარიღი ეგზემპლარის სახეობა საჯარო შენიშვნა
          ტექნოლოგიური ფაკულტეტის ბიბლიოთეკა ტექნოლოგიური ფაკულტეტის ბიბლიოთეკა წიგნსაცავი 2018-12-17 1.00 624.072.33(075.8) რ-17 11270 2018-12-17 11270 2018-12-17 წიგნი 1 ლ. 96 თ.
          ტექნოლოგიური ფაკულტეტის ბიბლიოთეკა ტექნოლოგიური ფაკულტეტის ბიბლიოთეკა წიგნსაცავი 2018-12-17 1.00 624.072.33(075.8) რ-17 11271 2018-12-17 11271 2018-12-17 წიგნი 1 ლ. 96 თ.